Commission on the status of women (Record no. 1424)
[ view plain ]
| 000 -LEADER | |
|---|---|
| fixed length control field | 00432nam a22001337a 4500 |
| 008 - FIXED-LENGTH DATA ELEMENTS--GENERAL INFORMATION | |
| fixed length control field | 230619b xxu||||| |||| 00| 0 eng d |
| 082 ## - DEWEY DECIMAL CLASSIFICATION NUMBER | |
| Classification number | 305.4 |
| Item number | UN |
| 100 ## - MAIN ENTRY--PERSONAL NAME | |
| Titles and words associated with a name | UN |
| 245 ## - TITLE STATEMENT | |
| Title | Commission on the status of women |
| Remainder of title | Report on the thirty-ninth Session (15march-april 1995) |
| Statement of responsibility, etc. | Economic and social Council |
| Medium | Official records, 1995 Supplement No.6 |
| 260 ## - PUBLICATION, DISTRIBUTION, ETC. (IMPRINT) | |
| Place of publication, distribution, etc. | New york |
| Name of publisher, distributor, etc. | UN |
| Date of publication, distribution, etc. | 1995 |
| 300 ## - PHYSICAL DESCRIPTION | |
| Extent | 101p |
| 440 ## - SERIES STATEMENT/ADDED ENTRY--TITLE | |
| International Standard Serial Number | 02520117 |
| 942 ## - ADDED ENTRY ELEMENTS (KOHA) | |
| Source of classification or shelving scheme | Dewey Decimal Classification |
| Koha item type | Books |
| Withdrawn status | Lost status | Source of classification or shelving scheme | Damaged status | Not for loan | Home library | Current library | Date acquired | Total Checkouts | Full call number | Barcode | Date last seen | Price effective from | Koha item type |
|---|---|---|---|---|---|---|---|---|---|---|---|---|---|
| Dewey Decimal Classification | County Hall Archives | County Hall Archives | 06/19/2023 | 305.4 UN | 10009485 | 06/19/2023 | 06/19/2023 | Books | |||||
| Dewey Decimal Classification | County Hall Archives | County Hall Archives | 06/20/2023 | 305.4 UN | 10009487 | 06/20/2023 | 06/20/2023 | Books |
